000 00715nam a2200265 a 4500
001 57705
003 CO-ViMGA
005 20250724162909.0
007 ta
008 141112s2004 ck r 000 u spa d
020 _a9583001805
040 _aCO-ViMGA
_bspa
_cCO-ViMGA
082 0 4 _a530.11 L15q2
084 _aRES00755
100 1 _aLandau, Lev Davidovich
_97239
245 1 0 _aQue es la teoria de la relatividad?
250 _a1a. edición
300 _a81 p, il, 20 cm
336 _2rdacontent
_atexto
_btxt
337 _2rdamedia
_asin mediación
_bn
338 _2rdacarrier
_avolumen
_bnc
650 1 4 _aFisica - relatividad
_2LEMB
_97240
650 1 4 _aRelatividad - fisica
_2LEMB
_97241
942 _2ddc
_cBK
999 _c57705
_d57705